| 000 | 00559nam a2200205 a 4500 | ||
|---|---|---|---|
| 005 | 20140310183442.0 | ||
| 008 | 080715s19uu xx 00 eng d | ||
| 020 | _a9812434240 | ||
| 050 |
_aHF 5657.4 _b.L886 2003 |
||
| 100 | _aLouderback III, Joseph G. | ||
| 245 |
_aManagerial accounting / _cJoseph G. Louderback III. |
||
| 250 | _a10th ed. | ||
| 260 |
_aSingapore : _bSouth-Western, _c2003. |
||
| 300 |
_a718 p. : _bill. ; _c26 cm. |
||
| 521 | _aBSBA | ||
| 650 | _aAccounting. | ||
| 700 | _aHolmen, Jay S. | ||
| 942 |
_cBK _2lcc _kFOR |
||
| 999 |
_c23155 _d23155 |
||